ფედრა = Phaedra : (ბიბ.ჩანაწერი № 63719)
[ მარტივი ფორმატი ]
| 000 -ლიდერი | |
|---|---|
| ფიქსირებული სიგრძის საკონტროლო ველი | 01434nam a22002177a 4500 |
| 003 - საკონტროლო ნომრის იდენტიფიკატორი | |
| საკონტროლო ველი | Ge_BSU |
| 005 - ბოლო ოპერაციის თარიღი და დრო | |
| საკონტროლო ველი | 20251215184902.0 |
| 008 - ფიქსირებული სიგრძის მონაცემთა ელემენტები - ზოგადი ინფორმაცია | |
| ფიქსირებული სიგრძის საკონტროლო ველი | 251215s2025 ge ||||| |||| 00| 0 geo d |
| 020 ## - წიგნის საერთაშორისო სტანდარტული ნომერი | |
| International Standard Book Number | 9789941996436 |
| 041 ## - ენის კოდი | |
| Language code of text/sound track or separate title | geo |
| 080 ## - უნივერსალური ათობითი კლასიფიკაციის ინდექსი | |
| Universal Decimal Classification number | 821.124-21 ს-41 |
| 100 ## - მთავარი ჩანაწერი - პიროვნების სახელი | |
| Personal name | სენეკა, ლუკიუს ანეუს |
| 9 (RLIN) | 26508 |
| 245 ## - ცნობა სათაურის შესახებ | |
| Title | ფედრა = Phaedra : |
| Remainder of title | [ტრაგედია] / |
| Statement of responsibility, etc | ლუკიუს ანეუს სენეკა; ლათინური ენიდან თარგმნა, წინასიტყვაობა და შენიშვნები დაურთო ნინი ქუთელიამ. |
| 264 ## - წარმოების, გამოცემის, დისტრიბუციის და სხვა ცნობები | |
| გამოცემის, წარმოების, დისტრიბუციის... ადგილი | თბილისი : |
| გამოცემის, წარმოების, დისტრიბუციის... სახელწოდება | ილია ჭავჭავაძის სახ. საქართველოს ეროვნული ბიბლიოთეკა, |
| გამოცემის, წარმოების, დისტრიბუციის... თარიღი | 2025. |
| 300 ## - ფიზიკური აღწერა | |
| Extent | 104 გვ. ; |
| Other physical details | 20 სმ. |
| 500 ## - ზოგადი შენიშვნა | |
| General note | გარეკანი და თავფურცელი ქართულ და ლათინურ ენებზე. შენიშვნები: გვ. 98-104. |
| 653 ## - INDEX TERM--UNCONTROLLED | |
| Uncontrolled term | ლათინური დრამატურგია |
| 653 ## - INDEX TERM--UNCONTROLLED | |
| Uncontrolled term | თარგმანები ქართულ ენაზე |
| 700 ## - ADDED ENTRY--PERSONAL NAME | |
| Personal name | ქუთელია, ნინი |
| Relator term | მთარგმნელი, წინასიტყვაობის ავტორი. |
| 9 (RLIN) | 26509 |
| 942 ## - ADDED ENTRY ELEMENTS (KOHA) | |
| Source of classification or shelving scheme | |
| Koha item type | წიგნი |
| ჩამოწერის სტატუსი | დაკარგული ეგზემპლარის სტატუსი | კლასიფიკაციის წყარო ან თაროზე გაწყობის სქემა | დაზიანების სტატუსი | არ გაიცემა | მუდმივი მდებარეობა (დაცვის ადგილი) | ამჟამინდელი ადგილსამყოფელი | თაროზე განთავსების ადგილი | შეძენის თარიღი | ღირებულება, შესყიდვის ნორმალური ფასი | სრული შენახვის შიფრი | შტრიხკოდი | ბოლო ოპერაციის თარიღი | ეგზემპლარის მიმდევრობითი ნომერი (კეტერი?) | Uniform Resource Identifier | ფასის ძალაში შესვლის თარიღი | ეგზემპლარის სახეობა | საჯარო შენიშვნა |
|---|---|---|---|---|---|---|---|---|---|---|---|---|---|---|---|---|---|
| ბათუმის შოთა რუსთაველის სახელმწიფო უნივერსიტეტის მთავარი ბიბლიოთეკა | ბათუმის შოთა რუსთაველის სახელმწიფო უნივერსიტეტის მთავარი ბიბლიოთეკა | წიგნსაცავი | 2025-12-15 | 5.00 | 821.124-21 ს-41 | 73273 | 2025-12-15 | 73273 | საჩუქარი საქართველოს ეროვნული ბიბლიოთეკისაგან | 2025-12-15 | წიგნი | 5 ლ. |
